[Event "Dubrovnik CC"]
[Site "Dubrovnik"]
[Date "2024.03.22"]
[Round "5"]
[White "Music, Tomislav"]
[Black "Turdyev, Anvar"]
[Result "1/2-1/2"]
[WhiteElo "2021"]
[BlackElo "2387"]
[PlyCount "35"]
[EventDate "2024.03.16"]
[EventType "tourn"]
[EventRounds "7"]
[EventCountry "CRO"]
[SourceTitle "CB13_2024"]
[SourceDate "2024.03.27"]
[SourceVersion "1"]
[SourceVersionDate "2024.03.27"]
[SourceQuality "1"]

1. e4 c6 2. d3 d5 3. Nd2 Qc7 4. Ngf3 Bg4 5. g3 Nf6 6. Bg2 dxe4 7. dxe4 Nbd7 8. 0-0 Ne5 9. Qe1 Nxf3+ 10. Nxf3 Bxf3 11. Bxf3 e6 12. Qc3 Bd6 13. Be3 Be5 14. Qa3 Bd6 15. Qc3 Be5 16. Qa3 Bd6 17. Qc3 Be5 18. Qa3 1/2-1/2

[Event "Dubrovnik CC"]
[Site "Dubrovnik"]
[Date "2024.03.17"]
[Round "4"]
[White "Turdyev, Anvar"]
[Black "Jancic, Frano"]
[Result "1-0"]
[WhiteElo "2387"]
[BlackElo "1779"]
[PlyCount "55"]
[EventDate "2024.03.16"]
[EventType "tourn"]
[EventRounds "7"]
[EventCountry "CRO"]
[SourceTitle "CB13_2024"]
[SourceDate "2024.03.27"]
[SourceVersion "1"]
[SourceVersionDate "2024.03.27"]
[SourceQuality "1"]

1. Nf3 d5 2. d4 Nf6 3. c4 c6 4. Qc2 dxc4 5. e4 b5 6. b3 cxb3 7. axb3 e6 8. Bd2 Be7 9. Bd3 h6 10. 0-0 0-0 11. Rc1 Bb7 12. Ba5 Qc8 13. b4 Bd8 14. Nbd2 Bxa5 15. Rxa5 Nbd7 16. Nb3 a6 17. Ra2 Nb6 18. Qe2 Na4 19. Rac2 Qd7 20. Na5 Rfc8 21. Ne5 Qxd4 22. Nexc6 Bxc6 23. Nxc6 Qd7 24. Ne7+ Qxe7 25. Rxc8+ Rxc8 26. Rxc8+ Ne8 27. Bxb5 axb5 28. Qxb5 1-0

[Event "AUT-chT2W 2223"]
[Site "Austria"]
[Date "2023.01.22"]
[Round "8.2"]
[White "Turdyev, Anvar"]
[Black "Lanka, Zigurds"]
[Result "1/2-1/2"]
[WhiteElo "2393"]
[BlackElo "2380"]
[PlyCount "74"]
[EventDate "2022.09.23"]
[EventType "team-tourn"]
[EventRounds "11"]
[EventCountry "AUT"]
[SourceTitle "CBM 213 Extra"]
[Source "ChessBase"]
[SourceDate "2023.05.31"]
[SourceVersion "1"]
[SourceVersionDate "2023.05.31"]
[SourceQuality "1"]
[WhiteTeam "Bregenz"]
[BlackTeam "Mayrhofen/Zillertal"]
[WhiteTeamCountry "AUT"]
[BlackTeamCountry "AUT"]

1. Nf3 Nf6 2. c4 g6 3. Nc3 Bg7 4. e4 d6 5. d4 0-0 6. Be2 e5 7. 0-0 Nc6 8. dxe5 dxe5 9. Bg5 Qxd1 10. Rfxd1 Bg4 11. h3 Bxf3 12. Bxf3 Nd4 13. Nd5 Nxd5 14. cxd5 f5 15. Rac1 Rf7 16. exf5 gxf5 17. Be3 Nxf3+ 18. gxf3 Rd7 19. Kf1 a6 20. Ke2 Rad8 21. Rc5 Bf6 22. b3 Kf7 23. Rdc1 Rxd5 24. Rxc7+ R8d7 25. Rxd7+ Rxd7 26. Rc8 Bd8 27. Rc5 Bc7 28. Rc4 Ke6 29. Rh4 Kd5 30. Rh5 Rf7 31. Rh6 Bd8 32. Kd3 Bf6 33. Bd2 e4+ 34. fxe4+ fxe4+ 35. Ke2 Bd4 36. Rh5+ Ke6 37. Rh6+ Kd5 1/2-1/2

[Event "AUT-chT2W 2223"]
[Site "Austria"]
[Date "2023.01.21"]
[Round "7.2"]
[White "Besner, Bernhard"]
[Black "Turdyev, Anvar"]
[Result "0-1"]
[WhiteElo "2135"]
[BlackElo "2393"]
[PlyCount "164"]
[EventDate "2022.09.23"]
[EventType "team-tourn"]
[EventRounds "11"]
[EventCountry "AUT"]
[SourceTitle "CBM 213 Extra"]
[Source "ChessBase"]
[SourceDate "2023.05.31"]
[SourceVersion "1"]
[SourceVersionDate "2023.05.31"]
[SourceQuality "1"]
[WhiteTeam "Salzburg ASK"]
[BlackTeam "Bregenz"]
[WhiteTeamCountry "AUT"]
[BlackTeamCountry "AUT"]

1. e4 c5 2. c3 Nf6 3. e5 Nd5 4. Nf3 e6 5. Bc4 d6 6. d4 Nc6 7. 0-0 cxd4 8. cxd4 Nb6 9. Bb3 dxe5 10. dxe5 Qxd1 11. Rxd1 Na5 12. Nc3 Bd7 13. Bc2 Rc8 14. Be4 Bb4 15. Ne2 Ba4 16. b3 Bc6 17. Bd2 Bxe4 18. Bxb4 Bxf3 19. gxf3 Nc6 20. Bd6 Nd5 21. Rac1 f6 22. Nc3 Nxc3 23. Rxc3 Kf7 24. Rdc1 Rcd8 25. f4 Rd7 26. Kg2 Nd4 27. Rc4 Nf5 28. Rc7 Rhd8 29. Rxd7+ Rxd7 30. Rc7 Rxc7 31. Bxc7 Ne7 32. exf6 gxf6 33. Kf3 Nc6 34. Bd6 Kg6 35. Ke4 f5+ 36. Ke3 Kh5 37. Kf3 Kh4 38. Kg2 b5 39. b4 a6 40. Bc5 Kg4 41. Bd6 Nd4 42. f3+ Kh5 43. Be5 Ne2 44. Kf2 Nc1 45. a3 Kh4 46. Kg2 Nd3 47. Bf6+ Kh5 48. Kg3 Kg6 49. Bc3 Kh6 50. Be5 Kh5 51. Bc3 Kg6 52. Be5 Kh6 53. Bc3 Kh5 54. Be5 Ne1 55. Bc3 Nc2 56. Bb2 Ne3 57. Bc1 Nc4 58. Kh3 Kg6 59. Kg3 Kf7 60. Kf2 Ke7 61. Ke2 Kd6 62. Kd3 Kd5 63. Kc3 e5 64. fxe5 Nxe5 65. f4 Ng4 66. h4 Ke4 67. a4 Nh2 68. axb5 axb5 69. h5 Ng4 70. Bb2 Nf6 71. h6 Ng4 72. Kd2 Nxh6 73. Be5 Ng4 74. Bd6 h5 75. Ke2 h4 76. Kf1 Kf3 77. Kg1 h3 78. Kh1 Kg3 79. Bc5 Kxf4 80. Kg1 Kf3 81. Kh1 Ke4 82. Kg1 f4 0-1

[Event "CRO-chT2 Qual 1B Liga"]
[Site "Slavonski Brod"]
[Date "2022.11.19"]
[Round "2.3"]
[White "Turdyev, Anvar"]
[Black "Tomulic, Teo"]
[Result "1/2-1/2"]
[WhiteElo "2391"]
[BlackElo "2354"]
[PlyCount "120"]
[EventDate "2022.11.18"]
[EventType "team-tourn"]
[EventRounds "3"]
[EventCountry "CRO"]
[SourceTitle "EXT 2024"]
[Source "ChessBase"]
[SourceDate "2023.10.10"]
[SourceVersion "1"]
[SourceVersionDate "2023.10.10"]
[SourceQuality "1"]
[WhiteTeam "Dubrovnik"]
[BlackTeam "Rijeka ASK Junior"]
[WhiteTeamCountry "CRO"]
[BlackTeamCountry "CRO"]

1. Nf3 d5 2. d4 Nf6 3. c4 c6 4. Qc2 g6 5. cxd5 cxd5 6. Bf4 Nc6 7. e3 Bg7 8. Nc3 0-0 9. Be2 Nh5 10. Be5 f6 11. Bg3 Nxg3 12. hxg3 e6 13. 0-0 f5 14. Rac1 Bd7 15. Na4 Rc8 16. Nc5 b6 17. Ba6 bxc5 18. Bxc8 Qxc8 19. Qxc5 Qb8 20. Qc2 Rc8 21. Qd2 Bf8 22. Rc2 Bb4 23. Qe2 Bd6 24. Rfc1 Rc7 25. Qa6 Qb6 26. Qxb6 axb6 27. Ng5 e5 28. dxe5 Bxe5 29. b4 Rc8 30. b5 Ne7 31. Rxc8+ Nxc8 32. a4 h6 33. Nf3 Bd6 34. Nd4 Kf7 35. Kf1 Bc5 36. Nb3 Bb4 37. Rd1 Be6 38. Rd4 Bc3 39. Rd3 d4 40. Nd2 Bxd2 41. Rxd2 d3 42. Ke1 Bc4 43. f3 Nd6 44. Rd1 Ke6 45. Kd2 Kd5 46. Kc3 Nb7 47. Ra1 Na5 48. Ra3 h5 49. Ra1 Nb3 50. Rd1 d2 51. a5 Nxa5 52. Rxd2+ Kc5 53. e4 fxe4 54. fxe4 Be6 55. Rf2 Kxb5 56. Rf6 Bg4 57. Rxg6 Kc5 58. Rg5+ Kd6 59. Rg6+ Kc5 60. Rg5+ Kd6 1/2-1/2

[Event "CRO-chT1B 29th"]
[Site "Mali Losinj"]
[Date "2021.10.02"]
[Round "10.2"]
[White "Aczel, Gergely"]
[Black "Turdyev, Anvar"]
[Result "1-0"]
[WhiteElo "2552"]
[BlackElo "2397"]
[PlyCount "99"]
[EventDate "2021.09.25"]
[EventType "team-tourn"]
[EventRounds "11"]
[EventCountry "CRO"]
[SourceTitle "CBM 204 Extra"]
[Source "ChessBase"]
[SourceDate "2021.11.30"]
[SourceVersion "1"]
[SourceVersionDate "2021.11.30"]
[SourceQuality "1"]
[WhiteTeam "Bibinje Goran"]
[BlackTeam "Dubrovnik"]
[WhiteTeamCountry "CRO"]
[BlackTeamCountry "CRO"]

1. d4 e6 2. c4 Bb4+ 3. Bd2 Bxd2+ 4. Qxd2 Nf6 5. Nf3 d5 6. g3 dxc4 7. Bg2 Bd7 8. Qc2 Bc6 9. Qxc4 Bd5 10. Qd3 Be4 11. Qd2 c5 12. dxc5 Na6 13. 0-0 0-0 14. Qe3 Qa5 15. Nbd2 Bd5 16. Rfc1 Rfc8 17. Nb3 Qb4 18. Nfd2 Bxg2 19. Kxg2 Nd5 20. Qe4 Qb5 21. Qc4 Qc6 22. Kg1 Nf6 23. Rc2 b5 24. Qc3 Nd5 25. Qa5 Nab4 26. Rcc1 Qb7 27. Nd4 e5 28. Qxb5 Qe7 29. N4b3 e4 30. Nf1 Nc6 31. Rd1 Rab8 32. Qc4 Nf6 33. Qc3 a5 34. Rac1 Nb4 35. Qc4 Nxa2 36. Ra1 a4 37. Qxa4 Nb4 38. Ne3 Qe5 39. Rd2 h5 40. h4 Ng4 41. Nxg4 hxg4 42. e3 Nd3 43. Nd4 Nxb2 44. Qd7 Nc4 45. Rda2 Qxc5 46. Qxg4 Re8 47. Qf4 Rb6 48. Ra8 Rxa8 49. Rxa8+ Kh7 50. Qxe4+ 1-0

[Event "CRO-chT1B 29th"]
[Site "Mali Losinj"]
[Date "2021.09.30"]
[Round "8.1"]
[White "Draskovic, Luka"]
[Black "Turdyev, Anvar"]
[Result "1-0"]
[WhiteElo "2470"]
[BlackElo "2397"]
[PlyCount "105"]
[EventDate "2021.09.25"]
[EventType "team-tourn"]
[EventRounds "11"]
[EventCountry "CRO"]
[SourceTitle "CBM 204 Extra"]
[Source "ChessBase"]
[SourceDate "2021.11.30"]
[SourceVersion "1"]
[SourceVersionDate "2021.11.30"]
[SourceQuality "1"]
[WhiteTeam "Mihovljan Sloboda"]
[BlackTeam "Dubrovnik"]
[WhiteTeamCountry "CRO"]
[BlackTeamCountry "CRO"]

1. e4 c6 2. d4 d5 3. e5 Bf5 4. h4 h5 5. Bd3 Bxd3 6. Qxd3 e6 7. Bg5 Ne7 8. Nf3 Qa5+ 9. Nbd2 Qa6 10. c4 Nd7 11. 0-0 Nf5 12. Rfd1 Bb4 13. b3 Nb6 14. a4 Be7 15. Bxe7 Nxe7 16. a5 Nbc8 17. Ne1 b6 18. axb6 Qxb6 19. c5 Qb7 20. Nc2 Nf5 21. g3 Rb8 22. Ra5 0-0 23. Qe2 g6 24. Qd3 Rd8 25. Kg2 Kg7 26. Rda1 Qe7 27. Ra6 Qd7 28. b4 Rb7 29. Qa3 Rc7 30. Qa4 Rh8 31. Nf3 Nfe7 32. Rb1 Rb7 33. Na3 Rd8 34. Qa5 Rf8 35. Qa4 Rd8 36. Rc1 Nf5 37. Qa5 Nce7 38. Nc2 Rdb8 39. Ra1 Nc8 40. Qa4 Rb5 41. Rb1 Nfe7 42. Nfe1 R5b7 43. Nd3 Qd8 44. Ne3 Qh8 45. Qd1 Qe8 46. Qf3 Nf5 47. Nxf5+ exf5 48. Rba1 Qd7 49. Qf4 Ne7 50. Qg5 Ng8 51. Nf4 Rxb4 52. e6 Qe7 53. exf7 1-0

[Event "CRO-chT1B 29th"]
[Site "Mali Losinj"]
[Date "2021.09.26"]
[Round "2.4"]
[White "Turdyev, Anvar"]
[Black "Kosic, Dragan"]
[Result "1/2-1/2"]
[WhiteElo "2397"]
[BlackElo "2436"]
[PlyCount "63"]
[EventDate "2021.09.25"]
[EventType "team-tourn"]
[EventRounds "11"]
[EventCountry "CRO"]
[SourceTitle "CBM 204 Extra"]
[Source "ChessBase"]
[SourceDate "2021.11.30"]
[SourceVersion "1"]
[SourceVersionDate "2021.11.30"]
[SourceQuality "1"]
[WhiteTeam "Dubrovnik"]
[BlackTeam "Rijeka Junior"]
[WhiteTeamCountry "CRO"]
[BlackTeamCountry "CRO"]

1. Nf3 c5 2. c4 Nc6 3. d4 cxd4 4. Nxd4 Nf6 5. Nc3 e6 6. Ndb5 d5 7. cxd5 Nxd5 8. Nxd5 exd5 9. e3 a6 10. Nd4 Qb6 11. Nxc6 bxc6 12. Bd3 Bb4+ 13. Bd2 0-0 14. Bxb4 Qxb4+ 15. Qd2 a5 16. Qxb4 axb4 17. Kd2 c5 18. Rhc1 c4 19. Bc2 Be6 20. a3 c3+ 21. bxc3 bxa3 22. Rcb1 Ra5 23. Rb4 g6 24. Ra4 Rxa4 25. Bxa4 Ra8 26. Bb3 Kf8 27. Kc2 Bf5+ 28. Kc1 Ra5 29. Bc2 Be6 30. Bb3 Bf5 31. Bc2 Be6 32. Bb3 1/2-1/2

[Event "SUI-chT"]
[Site "Switzerland"]
[Date "2010.02.14"]
[Round "1.3"]
[White "Turdyev, Anvar"]
[Black "Sermier, Guillaume"]
[Result "1/2-1/2"]
[WhiteElo "2300"]
[BlackElo "2402"]
[PlyCount "88"]
[EventDate "2010.02.14"]
[EventType "team-tourn"]
[EventRounds "9"]
[EventCountry "SUI"]
[SourceTitle "EXT 2011"]
[Source "ChessBase"]
[SourceDate "2010.11.26"]
[SourceVersion "1"]
[SourceVersionDate "2010.11.26"]
[SourceQuality "1"]
[WhiteTeam "Bern"]
[BlackTeam "Lausanne"]
[WhiteTeamCountry "SUI"]
[BlackTeamCountry "SUI"]

1. Nf3 Nf6 2. c4 e6 3. g3 d5 4. d4 dxc4 5. Bg2 c5 6. 0-0 Nc6 7. dxc5 Qxd1 8. Rxd1 Bxc5 9. Nbd2 Nd5 10. Nxc4 b5 11. Nce5 Nxe5 12. Nxe5 Bb7 13. Nd3 Bb6 14. Nf4 Rd8 15. Nxd5 Bxd5 16. Bxd5 Rxd5 17. Rxd5 exd5 18. Bd2 Kd7 19. Rc1 Re8 20. Kf1 d4 21. b3 Re6 22. Bb4 f5 23. Bc5 Rc6 24. Ba3 g5 25. h3 g4 26. hxg4 fxg4 27. Bb2 Rxc1+ 28. Bxc1 Ba5 29. Bh6 Ke6 30. f3 Kf5 31. fxg4+ Kxg4 32. Kg2 Bc7 33. Bg7 Bxg3 34. Bxd4 a6 35. a4 bxa4 36. bxa4 h5 37. Bb6 h4 38. Bd8 h3+ 39. Kg1 Kf5 40. Bb6 Ke4 41. Kh1 Kd5 42. Bg1 Ke4 43. Bh2 Bxh2 44. Kxh2 Ke3 1/2-1/2

[Event "Moscow op-B 04th"]
[Site "Moscow"]
[Date "2008.02.05"]
[Round "4"]
[White "Babikov, Ivan"]
[Black "Turdyev, Anvar"]
[Result "0-1"]
[WhiteElo "2293"]
[BlackElo "2214"]
[PlyCount "84"]
[EventDate "2008.02.02"]
[EventType "swiss"]
[EventRounds "9"]
[EventCountry "RUS"]
[SourceTitle "CBM 122 Extra"]
[Source "ChessBase"]
[SourceDate "2008.03.04"]
[SourceVersion "1"]
[SourceVersionDate "2008.03.04"]
[SourceQuality "1"]

1. e4 c6 2. d4 d5 3. Nc3 dxe4 4. Nxe4 Bf5 5. Ng3 Bg6 6. N1e2 Nf6 7. Nf4 Nbd7 8. h4 e5 9. dxe5 Qa5+ 10. c3 Qxe5+ 11. Be2 0-0-0 12. Qa4 Bc5 13. Nxg6 hxg6 14. Bf4 Qd5 15. Kf1 Qe6 16. Bc4 Nd5 17. Ne4 Ne3+ 18. fxe3 Qxe4 19. Bb5 Nf6 20. Qxe4 Nxe4 21. Be2 Rd2 22. b4 Bb6 23. Ke1 Rb2 24. Rh3 Bc7 25. h5 gxh5 26. Bxh5 Kb8 27. Bxf7 Rxh3 28. gxh3 Bxf4 29. exf4 Rh2 30. Bc4 Nxc3 31. Rc1 Nxa2 32. Bxa2 Rxa2 33. f5 a5 34. Rc4 a4 35. Kd1 Rb2 36. Rc5 a3 37. Ra5 a2 38. Ke1 Kc7 39. h4 Kd6 40. f6 gxf6 41. h5 Ke6 42. h6 a1R+ 0-1